Motivos y consecuencias del abandono percibido por los adultos mayores de asilos de Cartagena : (Registro nro. 4037)
[ vista simple ]
| 000 -LEADER | |
|---|---|
| fixed length control field | 01805nam a2200313 4500 |
| 001 - CONTROL NUMBER | |
| control field | 0000100122 |
| 005 - DATE AND TIME OF LATEST TRANSACTION | |
| control field | 20250329165434.0 |
| 008 - FIXED-LENGTH DATA ELEMENTS--GENERAL INFORMATION | |
| fixed length control field | 190730s2019 000 0 eng d |
| 040 ## - CATALOGING SOURCE | |
| Original cataloging agency | CO-CtgCURN |
| Language of cataloging | spa |
| Transcribing agency | coctgcurn |
| 041 0# - LANGUAGE CODE | |
| Language code of text/sound track or separate title | spa |
| 082 0# - DEWEY DECIMAL CLASSIFICATION NUMBER | |
| Classification number | ENF 2019 |
| Item number | P644 |
| 100 1# - MAIN ENTRY--PERSONAL NAME | |
| Personal name | Pimienta Pereira, Saskia Yannael. |
| 245 10 - TITLE STATEMENT | |
| Title | Motivos y consecuencias del abandono percibido por los adultos mayores de asilos de Cartagena : |
| Remainder of title | 2019 / |
| Statement of responsibility, etc. | Saskia Yannael Pimienta Pereira; Maria Angelica Morales Madero; Senia Salas Godoy; Melissa Vega Ortiz; Asesor Zoraya Barrios Puerta. |
| 260 ## - PUBLICATION, DISTRIBUTION, ETC. | |
| Place of publication, distribution, etc. | Cartagena de Indias : |
| Name of publisher, distributor, etc. | Corporación Universitaria Rafael Núñez, |
| Date of publication, distribution, etc. | 2019. |
| 300 ## - PHYSICAL DESCRIPTION | |
| Extent | 75 Hojas. |
| 336 ## - CONTENT TYPE | |
| Source | rdacontent |
| Content type term | text |
| Content type code | txt |
| 337 ## - MEDIA TYPE | |
| Source | rdacarrier |
| Media type term | sin mediacion |
| Media type code | n |
| 338 ## - CARRIER TYPE | |
| Source | rdacarrier |
| Carrier type term | volumen |
| Carrier type code | nc |
| 502 ## - DISSERTATION NOTE | |
| Dissertation note | Trabajo de grado (Enfermeria). Corporacion Universitaria Rafael Nuñez. Facultad de Ciencias de la salud. Enfermeria, 2019. |
| 520 ## - SUMMARY, ETC. | |
| Summary, etc. | El abandono representa un fenómeno con graves repercusiones en el bienestar de los adultos mayores, sobre todo, porque deviene en angustia emocional o psicológica, desmejoras en calidad de vida, problemas de salud (nuevos o exacerbados), hospitalizaciones, institucionalización prematura, suicidio y mayor riesgo de mortalidad. |
| 650 #0 - SUBJECT ADDED ENTRY--TOPICAL TERM | |
| Topical term or geographic name entry element | Enfermeria |
| Form subdivision | Tesis y disertaciones academicas. |
| 700 1# - ADDED ENTRY--PERSONAL NAME | |
| Personal name | Morales Madero, Maria Angelica. |
| 700 1# - ADDED ENTRY--PERSONAL NAME | |
| Personal name | Salas Godoy, Senia. |
| 700 1# - ADDED ENTRY--PERSONAL NAME | |
| Personal name | Vega Ortiz, Melissa. |
| 700 1# - ADDED ENTRY--PERSONAL NAME | |
| Personal name | Barrios Puerta, Zorayda, |
| Relator term | Asesora. |
| 856 ## - ELECTRONIC LOCATION AND ACCESS | |
| Uniform Resource Identifier | <a href="https://unicurn.sharepoint.com/:b:/s/biblioteca/EWuodyxNew1JqiBN69fn3kYBjicUsqLSeeu1_mJ4XBslJA?e=fzsW6X">https://unicurn.sharepoint.com/:b:/s/biblioteca/EWuodyxNew1JqiBN69fn3kYBjicUsqLSeeu1_mJ4XBslJA?e=fzsW6X</a> |
| Public note | Click aqui para ver el recurso en texto completo |
| 942 ## - ADDED ENTRY ELEMENTS (KOHA) | |
| Koha item type | Trabajos de grado |
| Classification part | ENF 2019 |
| Item part | P644 |
| Withdrawn status | Lost status | Source of classification or shelving scheme | Damaged status | Not for loan | Collection | Home library | Current library | Shelving location | Date acquired | Source of acquisition | Cost, normal purchase price | Inventory number | Total checkouts | Full call number | Barcode | Date last seen | Price effective from | Koha item type |
|---|---|---|---|---|---|---|---|---|---|---|---|---|---|---|---|---|---|---|
| Dewey Decimal Classification | Trabajos de grado | Miguel Henríquez Emiliani | Miguel Henríquez Emiliani | Trabajo de grado | 07/23/2019 | el autor | 35000.00 | 024982 | ENF 2019 P644 | 024982 | 07/23/2019 | 07/23/2019 | Trabajos de grado |